|
|
|
|
| LEADER |
01170nam a2200289 a 4500 |
| 001 |
GR-Patra1722 |
| 008 |
991022s gr 000 0 gre d |
| 020 |
|
|
|a 9602091851
|
| 040 |
|
|
|a GrPaTEI
|b gre
|c GR-PaULI
|
| 245 |
0 |
0 |
|a Δουλέψτε με τα Windows 3.1.
|
| 260 |
|
|
|a Αθήνα :
|b Κλειδάριθμος,
|c c1992
|
| 300 |
|
|
|a 709σ. :
|b ill.
|
| 490 |
1 |
|
|a Windows series
|
| 650 |
|
4 |
|a Ηλεκτρονικοί υπολογιστές
|
| 650 |
|
4 |
|a Ηλεκτρονικοί υπολογιστές
|x Λειτουργικά συστήματα (MS-DOS)
|
| 650 |
|
4 |
|a ΛΕΙΤΟΥΡΓΙΚΑ ΣΥΣΤΗΜΑΤΑ
|
| 650 |
|
4 |
|a ΠΡΟΓΡΑΜΜΑΤΑ
|
| 650 |
1 |
0 |
|a WINDOWS 3.1
|
| 700 |
1 |
|
|a Borland, Russell,
|d 1946-
|
| 700 |
1 |
|
|a Lorenz, Lori L.
|
| 700 |
1 |
|
|a O'Mara, R. Michael,
|d 1951-
|
| 700 |
1 |
|
|a Ξηλωμένος, Γιώργος
|
| 830 |
|
0 |
|1 00111722
|1 2001
|a Windows series
|
| 942 |
|
|
|2 ddc
|
| 952 |
|
|
|0 0
|1 0
|2 ddc
|4 0
|6 005_430000000000000_WIN
|7 0
|9 283233
|a LISK
|b LISK
|c ALF
|d 2021-01-17
|e 24
|f 0
|g 0.00
|l 0
|o 005.43 WIN
|p 9241006974
|r 2021-01-17 00:00:00
|t 1
|w 2021-01-17
|y BK15
|x 19991024 0 1
|x GrPaTEI
|
| 971 |
|
|
|a .b26492210
|b 24-07-20
|c 23-09-16
|
| 999 |
|
|
|c 164858
|d 164858
|